Mean girls quotes (clickable) Quiz Stats

 Plays Quiz not verified by Sporcle

Challenge
Share
Tweet
Embed
Score 0/20 Timer 05:00
0 Plays Today
% Correct
victimized
98.6%
feminism
97.4%
Sears
97.3%
awesome
97%
pink
96.9%
white
96.6%
loser
96.1%
hair
96.1%
TacoBell
96%
breasts
95.7%
% Correct
crack
95.7%
cheese fries
95.3%
lesbian
94.7%
homosexuals
94.2%
fat
93.4%
nipple
92.9%
prostitute
92.9%
hot dog
91.2%
condom
91%
mouse
89.7%

You're not logged in!

Compare scores with friends on all Sporcle quizzes.
OR
Log In

You Might Also Like...

Show Comments

Extras

Top Quizzes Today


Score Distribution

Your Account Isn't Verified!

In order to create a playlist on Sporcle, you need to verify the email address you used during registration. Go to your Sporcle Settings to finish the process.

Report this User

Report this user for behavior that violates our Community Guidelines.

Details: